000 00619nam a2200229Ia 4500
003 OSt
005 20221007073503.0
006 a|||||r|||| 00| 0
007 ta
008 221006b |||||||| |||| 00| 0 eng d
024 _a20,132
037 _cTextual
040 _aFLL
_cFLL
_beng
041 _2eng
_aeng
082 _aX:97D:Z2, M2
100 _aSrivastava K.P.
_9692258
245 0 _aLaw relating to trade unions in India
260 _aLucknow
_bEastern Book Company India
_c1982
300 _a794p
_ccm.
942 _hX:97D:Z2, M2
_cTEXL
_2CC
999 _c1148905
_d1148905